| 000 | 01673nam a2200397 i 4500 | ||
|---|---|---|---|
| 003 | DO-SdBNP | ||
| 005 | 20251124091422.0 | ||
| 007 | ta | ||
| 008 | 240216b2007 dr ||||| |||| 00| 0 dr d | ||
| 020 | _a9789993444015 | ||
| 040 |
_aDO-SdBNP _bspa _cBNPHU _erda |
||
| 082 | 4 |
_a347.7293 _bR426c, 2007 _222 |
|
| 110 | 1 |
_aRepública Dominicana. _9447 |
|
| 240 | 1 | 0 | _aCódigo Civil |
| 245 | 1 | 0 |
_aCódigo civil República Dominicana, legislación complementaria : _bactualizado con la Ley 189-01 que mod. 11 arts. y deroga 28 arts. y ley 136-03 (nuevo código del menor), revisada y actualizada la Ley 659 y leyes 5038; 1024 y otros con Ley 108-05. Constitución 2002. Código de ética del abogado / _cJuan Pablo Acosta, Trajano Vidal Potentini. |
| 250 | _a15a ed. | ||
| 264 |
_aMoca, República Dominicana : _bDalis, _c2007. |
||
| 300 |
_a516 páginas ; _c22 cm. |
||
| 336 |
_2rdacontent _atexto _btxt |
||
| 337 |
_2rdamedia _asin mediación _bn |
||
| 338 |
_2rda carrier _avolumen _bnc |
||
| 590 | _aInventariado, 2024/BT | ||
| 650 | 4 |
_aDerecho civil _xLegislación _zRepública Dominicana _96943 |
|
| 650 | 4 |
_aProcedimiento civil _xLegislación _zRepública Dominicana _911714 |
|
| 650 | 4 |
_aLeyes _zRepública Dominicana _93033 |
|
| 650 | 0 |
_aÉtica legal _96420 |
|
| 650 | 4 |
_aÉtica profesional _xLegislación _911715 |
|
| 650 | 4 |
_aAbogados _xResponsabilidad profesional _9841 |
|
| 651 | 4 |
_aRepública Dominicana _xConstitución (2002{Rpara} _910514 |
|
| 700 | 1 |
_aAcosta, Juan Pablo _911716 |
|
| 700 | 1 |
_aPotentini Adames, Trajano Vidal _973577 |
|
| 740 | 1 | 2 | _aConstitución (2002) |
| 740 | 1 | 2 | _aCódigo de ética del abogado |
| 910 | _aBtavárez | ||
| 942 |
_2ddc _cLBS1 |
||
| 999 |
_c55960 _d55960 |
||